000 00658njmaa2200217 a 4500
001 38126
003 (BD-RjUL)
005 20211209052730.0
008 150913b ii ||kfes|||| 00| 0 eng d
035 _a(BD-RjUL)38231
040 _aBD-RjUL
_beng
082 _223
_a782.6
_bABH
100 _aAbhisheki, Pt. Jeetendra.
_9117988
245 _aVocal Recital, Vol. 2/
_cPt. Jeetendra Abhisheki
_h[Sound Recording]/
260 _aMumbai :
_bVenus Records & Tapes Pvt. Ltd.,
300 _a1 sound disc :
_bdigital ;
_c4 3\4 in.
500 _aCompact disc.
650 _aVocal Recital
_zIndia
_9117989
650 _aVocal Music
_zIndia
_9118009
942 _2ddc
_cAVM
999 _c38126
_d38126